[Event "60th ch-HUN w 2012"]
[Site "Kisvarda HUN"]
[Date "2012.12.04"]
[Round "1"]
[White "Erdos,B"]
[Black "Schneider,Ve"]
[Result "0-1"]
[BlackTitle "WGM"]
[WhiteElo "2185"]
[BlackElo "2306"]
[WhiteFideId "727458"]
[BlackFideId "721530"]
[EventDate "2012.12.04"]

1. c4 e6 2. g3 d5 3. Bg2 c6 4. Nf3 Nd7 5. O-O Nb6 6. cxd5 exd5 7. d3 Nf6 8. Nbd2
Be7 9. e4 O-O 10. Re1 h6 11. a3 dxe4 12. dxe4 Be6 13. Qc2 Qc8 14. b3 Rd8 15. Bb2
Bh3 16. e5 Nh7 17. Bxh3 Qxh3 18. e6 fxe6 19. Qg6 Bf6 20. Ne5 Ng5 21. Ne4 Qf5 22.
Nxf6+ Qxf6 23. Qc2 Qf5 24. Qe2 Nd7 25. f4 Nxe5 26. Bxe5 Rd2 27. Qe3 Nh3+ 28. Kf1
Rxh2 0-1

[Event "60th ch-HUN w 2012"]
[Site "Kisvarda HUN"]
[Date "2012.12.05"]
[Round "2"]
[White "Goczo,M"]
[Black "Rudolf,An"]
[Result "1/2-1/2"]
[WhiteTitle "WIM"]
[BlackTitle "WGM"]
[WhiteElo "2234"]
[BlackElo "2322"]
[WhiteFideId "711985"]
[BlackFideId "722855"]
[EventDate "2012.12.04"]

1. d4 d5 2. c4 e6 3. Nf3 Nf6 4. cxd5 exd5 5. Nc3 c6 6. Qc2 Be7 7. Bg5 g6 8. e3
Bf5 9. Bd3 Bxd3 10. Qxd3 O-O 11. O-O Nbd7 12. Rab1 a5 13. Qc2 Re8 14. a3 Ne4 15.
Bxe7 Qxe7 16. b4 axb4 17. axb4 Nb6 18. Ne5 f6 19. Nd3 Ra3 20. Nxe4 Qxe4 21. Rb3
Rea8 22. b5 Nc4 23. bxc6 bxc6 24. Rxa3 Rxa3 25. Nb4 Qe8 26. h3 Qa8 27. Rc1 Kg7
28. e4 Ra1 29. exd5 cxd5 30. Qc3 Rxc1+ 31. Qxc1 Qb7 32. Qc3 Qb5 1/2-1/2

[Event "60th ch-HUN w 2012"]
[Site "Kisvarda HUN"]
[Date "2012.12.05"]
[Round "2"]
[White "Dudas,E"]
[Black "Ruszin,A"]
[Result "1-0"]
[WhiteTitle "WIM"]
[WhiteElo "2243"]
[BlackElo "2133"]
[WhiteFideId "728306"]
[BlackFideId "728918"]
[EventDate "2012.12.04"]

1. e4 c5 2. Nf3 Nc6 3. d4 cxd4 4. Nxd4 Qb6 5. Nb3 Nf6 6. Nc3 e6 7. Bd3 d6 8. Be3
Qc7 9. f4 a6 10. Qf3 Be7 11. O-O-O Rb8 12. g4 b5 13. g5 Nd7 14. Kb1 Nc5 15. Nxc5
dxc5 16. f5 b4 17. Ne2 Na5 18. f6 gxf6 19. gxf6 Bd6 20. Nf4 c4 21. Be2 b3 22.
axb3 cxb3 23. c3 Nc6 24. Rxd6 Qxd6 25. Rd1 Qc7 26. Nh5 Bd7 27. Ng7+ Kd8 28.
Nxe6+ fxe6 29. f7 Rf8 30. Qf6+ Kc8 31. Bxa6+ Rb7 32. Bh6 Qxh2 33. Bxb7+ Kxb7 34.
Rxd7+ Ka6 35. Qxe6 1-0

[Event "60th ch-HUN w 2012"]
[Site "Kisvarda HUN"]
[Date "2012.12.05"]
[Round "2"]
[White "Papp,Petra"]
[Black "Gara,T"]
[Result "1/2-1/2"]
[WhiteTitle "WGM"]
[BlackTitle "WGM"]
[WhiteElo "2254"]
[BlackElo "2377"]
[WhiteFideId "739049"]
[BlackFideId "717444"]
[EventDate "2012.12.04"]

1. e4 c5 2. Nf3 d6 3. d4 cxd4 4. Nxd4 Nf6 5. Nc3 a6 6. Be3 e5 7. Nb3 Be6 8. f3
Nbd7 9. Qd2 Be7 10. O-O-O b5 11. g4 b4 12. Nd5 Bxd5 13. exd5 Nb6 14. Na5 Nbxd5
15. Nc4 Nxe3 16. Nxe3 O-O 17. Kb1 a5 18. h4 Rc8 19. Bd3 Rc5 20. Nf5 g6 21. Qh6
gxf5 22. g5 Ne4 23. fxe4 f4 24. Rdg1 Kh8 25. h5 Rg8 26. g6 Rg7 27. gxf7 Rxf7 28.
Bc4 Bg5 29. Rxg5 Rxc4 30. Rhg1 Rxe4 31. Qe6 Rf8 32. Qh6 Rf7 33. Qe6 Rf8 34. Qh6
Rf7 35. Qe6 Qf8 1/2-1/2

[Event "60th ch-HUN w 2012"]
[Site "Kisvarda HUN"]
[Date "2012.12.05"]
[Round "2"]
[White "Erdos,B"]
[Black "Juhasz,Ba"]
[Result "1-0"]
[WhiteElo "2185"]
[BlackElo "2085"]
[WhiteFideId "727458"]
[BlackFideId "743585"]
[EventDate "2012.12.04"]

1. Nf3 Nf6 2. g3 g6 3. Bg2 Bg7 4. O-O O-O 5. c4 d6 6. d4 Nbd7 7. Nc3 e5 8. e4 c6
9. h3 Qb6 10. Re1 Re8 11. d5 Nc5 12. a3 a5 13. Be3 cxd5 14. cxd5 Bd7 15. Nd2 a4
16. Rb1 Qa6 17. Bf1 b5 18. b4 axb3 19. Bxc5 dxc5 20. a4 c4 21. axb5 Qa5 22. Qf3
Rec8 23. Bxc4 Bh6 24. Nxb3 Qc7 25. Bf1 Qxc3 26. Qxf6 Ra2 27. b6 Rb2 28. Rxb2
Qxb2 29. b7 Rf8 30. Nc5 Bb5 31. Qb6 Qc3 32. Qxb5 1-0

[Event "60th ch-HUN w 2012"]
[Site "Kisvarda HUN"]
[Date "2012.12.06"]
[Round "3"]
[White "Juhasz,Ba"]
[Black "Schneider,Ve"]
[Result "1/2-1/2"]
[BlackTitle "WGM"]
[WhiteElo "2085"]
[BlackElo "2306"]
[WhiteFideId "743585"]
[BlackFideId "721530"]
[EventDate "2012.12.04"]

1. e4 c5 2. b3 e6 3. Nf3 a6 4. Bb2 Nc6 5. d4 cxd4 6. Nxd4 Qf6 7. c3 Bc5 8. Qd2
Qg6 9. f3 Nge7 10. Ba3 Qh5 11. Be2 Bxa3 12. Nxa3 b5 13. Nac2 O-O 14. O-O Qc5 15.
Kh1 Bb7 16. b4 Qb6 17. a4 bxa4 18. Rxa4 d5 19. exd5 Nxd5 20. c4 Nxd4 21. Nxd4
Rfd8 22. cxd5 Rxd5 23. b5 e5 24. bxa6 Bc6 25. Rb4 Rxd4 26. Rxb6 Rxd2 27. Rxc6
Rxe2 28. Ra1 g6 29. Kg1 e4 30. fxe4 Rxe4 31. Rc7 Kf8 32. Kf2 Re6 1/2-1/2

[Event "60th ch-HUN w 2012"]
[Site "Kisvarda HUN"]
[Date "2012.12.06"]
[Round "3"]
[White "Gara,T"]
[Black "Erdos,B"]
[Result "1-0"]
[WhiteTitle "WGM"]
[WhiteElo "2377"]
[BlackElo "2185"]
[WhiteFideId "717444"]
[BlackFideId "727458"]
[EventDate "2012.12.04"]

1. e4 e5 2. Nf3 Nc6 3. Bc4 Bc5 4. O-O d6 5. c3 Qf6 6. d3 h6 7. Be3 Nge7 8. b4
Bb6 9. a4 a6 10. Bxb6 cxb6 11. Qe2 Bg4 12. Nbd2 Rd8 13. b5 Nb8 14. Qe3 Nc8 15.
Bd5 Qe7 16. Nc4 Qc7 17. Nh4 O-O 18. f4 exf4 19. Qxf4 Be6 20. Bxe6 fxe6 21. Qg4
Qd7 22. Ng6 Rfe8 23. Rf3 e5 24. Qh5 Qe6 25. Raf1 Nd7 26. Ne3 Kh7 27. Nh4 Rf8 28.
Nhf5 Rf6 29. Nxg7 Kxg7 30. Rxf6 Nxf6 31. Nf5+ Kf8 32. Qxh6+ Kf7 33. Ng7 Qe7 34.
Nh5 Ke6 35. Nxf6 Qf8 36. Qh3+ 1-0

[Event "60th ch-HUN w 2012"]
[Site "Kisvarda HUN"]
[Date "2012.12.06"]
[Round "3"]
[White "Ruszin,A"]
[Black "Papp,Petra"]
[Result "0-1"]
[BlackTitle "WGM"]
[WhiteElo "2133"]
[BlackElo "2254"]
[WhiteFideId "728918"]
[BlackFideId "739049"]
[EventDate "2012.12.04"]

1. e4 c5 2. Nf3 d6 3. d4 cxd4 4. Qxd4 Nf6 5. c4 Nc6 6. Qd3 g6 7. Nc3 Bg7 8. h3
O-O 9. Be2 Nd7 10. O-O Nc5 11. Qe3 Bd7 12. Rb1 a5 13. Rd1 a4 14. b4 axb3 15.
axb3 f5 16. b4 f4 17. Qd2 Ne6 18. c5 Ncd4 19. cxd6 exd6 20. Nxd4 Nxd4 21. Bc4+
Kh8 22. Ne2 Nxe2+ 23. Bxe2 Ba4 24. Re1 Bc6 25. Bf3 Be5 26. Qd3 Qf6 27. b5 Bd7
28. Rd1 Rac8 29. Bd2 Qg5 30. Kh2 Qh4 31. Be1 g5 32. Kg1 h5 33. Rdc1 g4 34. Rxc8
Bxc8 35. hxg4 hxg4 36. Bd1 g3 37. Bf3 Bg4 38. Rb3 Be6 39. Rb4 Rc8 40. Kf1 Qh1+
41. Ke2 Rc1 42. Qd2 Rxe1+ 0-1

[Event "60th ch-HUN w 2012"]
[Site "Kisvarda HUN"]
[Date "2012.12.06"]
[Round "3"]
[White "Rudolf,An"]
[Black "Dudas,E"]
[Result "1-0"]
[WhiteTitle "WGM"]
[BlackTitle "WIM"]
[WhiteElo "2322"]
[BlackElo "2243"]
[WhiteFideId "722855"]
[BlackFideId "728306"]
[EventDate "2012.12.04"]

1. d4 d5 2. c4 c6 3. Nf3 Nf6 4. cxd5 cxd5 5. Nc3 Nc6 6. Bf4 a6 7. e3 Bf5 8. Qb3
b5 9. Rc1 Na5 10. Qd1 Nc4 11. b3 Nd6 12. Be2 e6 13. Ne5 Be7 14. O-O O-O 15. a4
bxa4 16. Nxa4 Nc8 17. Nc5 Bxc5 18. dxc5 Nd7 19. Nc6 Qf6 20. Qd4 Qg6 21. Qb4 d4
22. Bf3 Be4 23. Bxe4 Qxe4 24. Qb7 Kh8 25. Qxd7 1-0

[Event "60th ch-HUN w 2012"]
[Site "Kisvarda HUN"]
[Date "2012.12.06"]
[Round "3"]
[White "Varga,Kl"]
[Black "Goczo,M"]
[Result "1/2-1/2"]
[WhiteTitle "WIM"]
[BlackTitle "WIM"]
[WhiteElo "2210"]
[BlackElo "2234"]
[WhiteFideId "733210"]
[BlackFideId "711985"]
[EventDate "2012.12.04"]

1. c4 c5 2. Nc3 Nc6 3. g3 g6 4. Bg2 Bg7 5. a3 e6 6. Rb1 Nge7 7. b4 cxb4 8. axb4
O-O 9. Nf3 d5 10. b5 Na5 11. cxd5 Nxd5 12. Ne4 f5 13. Nc5 e5 14. O-O e4 15. Ne1
Nc3 16. Qc2 Nxb1 17. Qxb1 Qd5 18. Qb4 Qc4 19. Qxa5 b6 20. Qa4 Qxc1 21. Qb3+ Kh8
22. Qd5 Rb8 23. Qd6 Ra8 24. Qd5 Rb8 25. Qd6 Bb7 26. Ne6 Rfe8 27. Nf3 Qb2 28.
Nfg5 Qf6 29. Qf4 h6 30. Nxg7 Kxg7 31. Nh3 Qe5 32. Qe3 Qxb5 33. Nf4 Rbc8 34. Qa3
a5 35. d3 Qc5 36. Qb2+ Kf7 37. Qb3+ Kf6 38. Qb2+ Kf7 39. Qb3+ Kg7 40. Ne6+ Rxe6
41. Qxe6 Rc7 42. dxe4 fxe4 43. Bxe4 Bxe4 44. Qxe4 Re7 45. Qd3 b5 46. Qd2 b4 47.
Rc1 Qg5 48. Qd4+ Qf6 49. Qc5 Rxe2 50. Qa7+ Re7 51. Qxa5 Rf7 52. Qc5 b3 53. Rb1
b2 54. Qc2 Rb7 55. Qe4 Rc7 56. Kg2 Re7 57. Qc2 Rb7 58. Qe4 Rf7 59. Qc2 Rb7 60.
Qe4 Qb6 61. h4 Qb4 62. Qe5+ Kh7 63. Qd5 h5 64. Qe5 Qd2 65. Qe4 Rf7 66. Rf1 Qc1
67. Qb1 Rc7 68. Qd3 Rb7 69. Qb1 Qxb1 70. Rxb1 Kg7 71. Kf3 Kf6 72. Ke4 Ke6 73.
Kf4 Kf6 74. Ke4 Rb4+ 75. Ke3 Ke5 76. Kd3 Kd5 77. Kc3 Rb6 78. Kd3 Rb3+ 79. Kc2
Kc4 80. Rxb2 Rxb2+ 81. Kxb2 Kd3 82. f3 Ke3 83. g4 Kxf3 84. gxh5 gxh5 85. Kc2 Kg3
86. Kd2 Kxh4 87. Ke2 Kg3 88. Kf1 Kh2 89. Kf2 h4 1/2-1/2

[Event "60th ch-HUN w 2012"]
[Site "Kisvarda HUN"]
[Date "2012.12.07"]
[Round "4"]
[White "Schneider,Ve"]
[Black "Goczo,M"]
[Result "1-0"]
[WhiteTitle "WGM"]
[BlackTitle "WIM"]
[WhiteElo "2306"]
[BlackElo "2234"]
[WhiteFideId "721530"]
[BlackFideId "711985"]
[EventDate "2012.12.04"]

1. e4 e6 2. d4 d5 3. Nd2 c5 4. Ngf3 cxd4 5. Nxd4 Nc6 6. Bb5 Bd7 7. Nxc6 Bxc6 8.
Bxc6+ bxc6 9. O-O Nf6 10. e5 Nd7 11. Re1 Be7 12. Qg4 O-O 13. Nf3 Kh8 14. h4 Qb6
15. a3 Bc5 16. Re2 f6 17. b4 Qa6 18. Rd2 Bb6 19. Bb2 Rae8 20. Re1 Qb7 21. Rde2
f5 22. Qh5 g6 23. Qh6 Nb8 24. Bd4 Qg7 25. Qe3 Nd7 26. a4 Qe7 27. Rb1 Rb8 28. c3
c5 29. bxc5 Bxc5 30. Reb2 Rxb2 31. Rxb2 Bxd4 32. Nxd4 f4 33. Qe1 Nc5 34. Rb5
Nxa4 35. Qa1 Nb6 36. Ra5 Ra8 37. Qc1 Nc4 38. Ra6 Nxe5 39. Rxe6 Qg7 40. Qxf4 Nc4
41. Rf6 Kg8 42. Ne6 Qe7 43. h5 Nd6 44. hxg6 Ne4 45. gxh7+ Kh8 46. Rg6 Qd6 47.
Qf7 1-0

[Event "60th ch-HUN w 2012"]
[Site "Kisvarda HUN"]
[Date "2012.12.07"]
[Round "4"]
[White "Erdos,B"]
[Black "Ruszin,A"]
[Result "1-0"]
[WhiteElo "2185"]
[BlackElo "2133"]
[WhiteFideId "727458"]
[BlackFideId "728918"]
[EventDate "2012.12.04"]

1. c4 Nf6 2. g3 e6 3. Bg2 c5 4. Nf3 Nc6 5. O-O Be7 6. d4 cxd4 7. Nxd4 O-O 8. Nc3
a6 9. b3 Qc7 10. Bb2 b6 11. Rc1 Bb7 12. Nd5 exd5 13. cxd5 Bc5 14. dxc6 dxc6 15.
Nf5 Ne8 16. e4 f6 17. b4 Bd6 18. Nxd6 Nxd6 19. e5 fxe5 20. Bxe5 Rad8 21. Qg4 Qe7
22. Bf4 Nf7 23. a3 Qf6 24. Rfe1 Rde8 25. Qd7 Rxe1+ 26. Rxe1 Ba8 27. Re8 g5 28.
Be3 Ne5 29. Rxf8+ Qxf8 30. Qe6+ Nf7 31. Bxg5 a5 32. Bf6 h5 33. Qf5 Qh6 34. Qc8+
Qf8 35. Qf5 Qh6 36. Be4 Bb7 37. Qe6 Qf8 38. Bc3 Qd8 39. Qg6+ Kf8 40. Bg7+ Ke8
41. b5 Qd1+ 42. Kg2 Qg4 43. Bxc6+ Bxc6+ 44. Qxc6+ Ke7 45. Bf6+ 1-0

[Event "60th ch-HUN w 2012"]
[Site "Kisvarda HUN"]
[Date "2012.12.07"]
[Round "4"]
[White "Juhasz,Ba"]
[Black "Gara,T"]
[Result "0-1"]
[BlackTitle "WGM"]
[WhiteElo "2085"]
[BlackElo "2377"]
[WhiteFideId "743585"]
[BlackFideId "717444"]
[EventDate "2012.12.04"]

1. e4 c5 2. Nf3 e6 3. b3 b6 4. c4 Bb7 5. Nc3 Nf6 6. e5 Ng4 7. h3 Nh6 8. Bd3 d6
9. exd6 Bxd6 10. Be4 Bxe4 11. Nxe4 Nc6 12. d3 Nf5 13. Bb2 O-O 14. O-O Bc7 15.
Qe2 Qe7 16. Rad1 Rad8 17. a3 Rd7 18. Rfe1 Rfd8 19. g4 Nfd4 20. Bxd4 Nxd4 21.
Nxd4 Rxd4 22. Qf3 Qd7 23. Re3 h6 24. g5 hxg5 25. Nxg5 Bf4 26. Qh5 Bxg5 27. Qxg5
f6 28. Qg6 Qf7 29. Qxf7+ Kxf7 30. Kf1 Rh4 31. Rb1 e5 32. b4 cxb4 33. axb4 Ke6
34. Ra1 Rd7 35. Ke2 g5 36. Ra6 f5 37. Rg3 Kf6 38. b5 f4 39. Rg1 Rxh3 40. c5
Rhxd3 41. Rb1 f3+ 0-1

[Event "60th ch-HUN w 2012"]
[Site "Kisvarda HUN"]
[Date "2012.12.08"]
[Round "5"]
[White "Rudolf,An"]
[Black "Erdos,B"]
[Result "1-0"]
[WhiteTitle "WGM"]
[WhiteElo "2322"]
[BlackElo "2185"]
[WhiteFideId "722855"]
[BlackFideId "727458"]
[EventDate "2012.12.04"]

1. e4 e5 2. Nf3 Nc6 3. d4 exd4 4. Nxd4 Qf6 5. Nxc6 Bc5 6. Qf3 bxc6 7. Nd2 Qxf3
8. gxf3 Ne7 9. Nb3 Bb6 10. a4 a5 11. Be3 O-O 12. Bd3 d6 13. Nd2 Bxe3 14. fxe3 f5
15. exf5 Bxf5 16. Bxf5 Rxf5 17. Ke2 Ng6 18. Ra3 Ne5 19. Rb3 c5 20. Rb7 Rf7 21.
Rg1 Re7 22. Kf2 Kf7 23. Ne4 Nc6 24. Rd1 Rb8 25. Rxb8 Nxb8 26. Rd3 Nd7 27. Rb3 d5
28. Nd2 Nb6 29. Ra3 Ke6 30. Nb3 Nc4 31. Nxc5+ Kd6 32. Nb7+ Kc6 33. Rb3 Re8 34.
Rb5 Ra8 35. b3 Na3 36. Nxa5+ Kd6 37. Nb7+ Kc6 38. Na5+ Kd6 39. Nb7+ Kc6 40. Rc5+
Kxb7 41. Rxd5 Kc6 42. Rd1 Ra5 43. c3 Rh5 44. Kg3 Nc2 45. e4 Rg5+ 46. Kf4 Rg2 47.
h4 Rh2 48. Kg3 Re2 49. Rd3 Ne1 50. Rd4 Rg2+ 51. Kf4 h6 52. Rc4+ Kb6 53. a5+ Kxa5
54. Rxc7 Kb6 55. Rf7 Kc6 56. Ke3 Rg6 57. h5 Rg5 58. b4 Rxh5 59. Rxg7 Rh3 60. Rf7
h5 61. Rf6+ Kd7 62. b5 Rh2 63. b6 Rb2 64. c4 h4 65. c5 h3 66. c6+ Ke7 67. c7
Kxf6 68. c8=Q Nc2+ 69. Kf4 h2 70. Qh8+ Ke6 71. Qxh2 Nb4 72. Qh6+ Kf7 73. Kf5 Nd3
74. f4 Rb5+ 75. e5 Nf2 76. b7 1-0

[Event "60th ch-HUN w 2012"]
[Site "Kisvarda HUN"]
[Date "2012.12.08"]
[Round "5"]
[White "Goczo,M"]
[Black "Dudas,E"]
[Result "1/2-1/2"]
[WhiteTitle "WIM"]
[BlackTitle "WIM"]
[WhiteElo "2234"]
[BlackElo "2243"]
[WhiteFideId "711985"]
[BlackFideId "728306"]
[EventDate "2012.12.04"]

1. c4 Nf6 2. Nf3 c6 3. e3 e6 4. b3 d5 5. Be2 Nbd7 6. Bb2 Bd6 7. cxd5 exd5 8. O-O
O-O 9. d3 Qe7 10. Nbd2 Ne5 11. Nxe5 Bxe5 12. Bxe5 Qxe5 13. d4 Qd6 14. Qc2 Re8
15. Rfc1 Ne4 16. Nxe4 dxe4 17. Qc5 Qg6 18. Qh5 Qd6 19. Qc5 Qg6 20. b4 Bd7 21. a4
b6 22. Qc3 Rac8 23. Bf1 h6 24. a5 Qd6 25. g3 Rb8 26. axb6 axb6 27. Ra7 Ra8 28.
Rca1 Rxa7 29. Rxa7 b5 30. Bg2 Qd5 31. h3 Be6 32. Ra6 Bd7 33. Ra7 Be6 34. Rc7 Rc8
35. Ra7 1/2-1/2

[Event "60th ch-HUN w 2012"]
[Site "Kisvarda HUN"]
[Date "2012.12.08"]
[Round "5"]
[White "Ruszin,A"]
[Black "Juhasz,Ba"]
[Result "1/2-1/2"]
[WhiteElo "2133"]
[BlackElo "2085"]
[WhiteFideId "728918"]
[BlackFideId "743585"]
[EventDate "2012.12.04"]

1. e4 e5 2. Nf3 Nc6 3. Bb5 a6 4. Bxc6 dxc6 5. d4 exd4 6. Qxd4 Qxd4 7. Nxd4 Bd7
8. Nc3 O-O-O 9. Be3 Bb4 10. Ne2 Ne7 11. O-O-O Ng6 12. f3 Rhe8 13. a3 Bd6 14. Nd4
c5 15. Nb3 b6 16. g3 f6 17. Rhe1 Ne5 18. Nd2 b5 19. Bg1 c4 20. f4 Nc6 21. Nf1
Bg4 22. Rd2 b4 23. axb4 Bxb4 24. Rxd8+ Nxd8 25. Nd2 Bxc3 26. bxc3 Be6 27. Nf3
Nc6 28. Kd2 Bg4 29. Nd4 Kd7 30. Ke3 g5 31. Ra1 Ne7 32. Kd2 c5 33. Ne2 Bxe2 34.
Kxe2 Nd5 35. Rd1 Kc6 36. Kf3 Nxc3 37. Re1 a5 38. Ra1 Kb5 39. fxg5 fxg5 40. Be3
Rxe4 41. Bxg5 Re2 42. Bf6 Rxc2 43. h4 Nd5 44. Be5 c3 45. g4 Nb4 46. h5 Nd3 47.
Bg7 Rf2+ 48. Ke3 Rf7 49. Bxc3 Nb4 50. Ke4 a4 51. g5 Kc4 52. Bf6 Kb3 53. Ke5 a3
54. Ke6 Ra7 55. g6 hxg6 56. hxg6 a2 57. Be7 Ra6+ 58. Kf7 Rxg6 59. Kxg6 1/2-1/2

[Event "60th ch-HUN w 2012"]
[Site "Kisvarda HUN"]
[Date "2012.12.08"]
[Round "5"]
[White "Gara,T"]
[Black "Schneider,Ve"]
[Result "1-0"]
[WhiteTitle "WGM"]
[BlackTitle "WGM"]
[WhiteElo "2377"]
[BlackElo "2306"]
[WhiteFideId "717444"]
[BlackFideId "721530"]
[EventDate "2012.12.04"]

1. e4 c5 2. Nf3 e6 3. d4 cxd4 4. Nxd4 a6 5. Bd3 Bc5 6. Nb3 Ba7 7. Nc3 Nc6 8. Qe2
d6 9. Be3 Nf6 10. f4 e5 11. Bxa7 Rxa7 12. f5 h5 13. O-O-O b5 14. Kb1 Kf8 15.
Rhf1 Rh6 16. Nd5 Ra8 17. c3 Rb8 18. Rd2 Nxd5 19. exd5 Ne7 20. Bc2 Ng8 21. Rd3
Nf6 22. Nd2 Bb7 23. Ne4 Rc8 24. Nxf6 Qxf6 25. Rd2 Rc5 26. Be4 Qg5 27. Rf3 Bc8
28. Qf2 Rf6 29. Re2 Kg8 30. h4 Qh6 31. Qg3 Rc4 32. Qf2 Rc5 33. b3 Bb7 34. Rd2
Bc8 35. Kb2 g6 36. fxg6 Rxf3 37. gxf3 fxg6 38. Rd1 Bf5 39. Bxf5 gxf5 40. Rg1+
Kf7 41. Qg2 Rc8 42. Qc2 Kf6 43. Rg5 Qh7 44. Qf2 Rc5 45. Qd2 a5 46. f4 b4 47.
fxe5+ dxe5 48. cxb4 axb4 49. d6 Qd7 50. Rxh5 f4 51. Qg2 Qg7 52. Rf5+ Kxf5 53.
Qxg7 1-0

[Event "60th ch-HUN w 2012"]
[Site "Kisvarda HUN"]
[Date "2012.12.09"]
[Round "6"]
[White "Papp,Petra"]
[Black "Goczo,M"]
[Result "1-0"]
[WhiteTitle "WGM"]
[BlackTitle "WIM"]
[WhiteElo "2254"]
[BlackElo "2234"]
[WhiteFideId "739049"]
[BlackFideId "711985"]
[EventDate "2012.12.04"]

1. e4 e6 2. d4 d5 3. Nc3 Bb4 4. e5 c5 5. a3 Bxc3+ 6. bxc3 Qa5 7. Bd2 Qa4 8. Qg4
g6 9. Nf3 Nc6 10. Ra2 Nge7 11. Qf4 Bd7 12. Be2 O-O-O 13. dxc5 Qxf4 14. Bxf4 h6
15. Nd4 g5 16. Bg3 Kb8 17. f4 Ka8 18. O-O Nf5 19. Nb5 Rhg8 20. Nd6 Rg7 21. Bh5
Rdg8 22. fxg5 Nxg3 23. hxg3 Rxg5 24. Bxf7 Rf8 25. Raa1 Nxe5 26. Bxe6 Rxf1+ 27.
Rxf1 a6 28. Bxd5 Bc6 29. Rf8+ Ka7 30. Nc8+ Kb8 31. Nb6+ Kc7 32. Rc8# 1-0

[Event "60th ch-HUN w 2012"]
[Site "Kisvarda HUN"]
[Date "2012.12.09"]
[Round "6"]
[White "Erdos,B"]
[Black "Varga,Kl"]
[Result "1-0"]
[BlackTitle "WIM"]
[WhiteElo "2185"]
[BlackElo "2210"]
[WhiteFideId "727458"]
[BlackFideId "733210"]
[EventDate "2012.12.04"]

1. c4 e5 2. g3 Nf6 3. Bg2 h6 4. Nf3 e4 5. Nd4 d5 6. cxd5 Qxd5 7. Nc2 Qh5 8. Ne3
Bd7 9. Nc3 Bc6 10. Qc2 Qg6 11. h4 h5 12. Bh3 Ng4 13. Nxg4 hxg4 14. Bg2 e3 15.
Qxg6 exf2+ 16. Kxf2 fxg6 17. d4 Bd6 18. e4 O-O+ 19. Bf4 Bxf4 20. gxf4 Rxf4+ 21.
Kg3 Rf8 22. d5 Bd7 23. e5 Bf5 24. e6 Re8 25. Nb5 Na6 26. Rac1 Re7 27. Nd4 Rd8
28. Rhf1 Bd3 29. Rfd1 Bf5 30. a3 Kh7 31. b4 Nb8 32. b5 Rd6 33. h5 Kh6 34. hxg6
Bxg6 35. Rh1+ Kg5 36. Rh8 Re8 37. Rxe8 Bxe8 38. Rxc7 Nd7 39. exd7 Rxd7 40. Ne6+
Kf6 41. Rc8 Re7 42. a4 a6 43. b6 Bxa4 44. Nc5 1-0

[Event "60th ch-HUN w 2012"]
[Site "Kisvarda HUN"]
[Date "2012.12.09"]
[Round "6"]
[White "Gara,T"]
[Black "Ruszin,A"]
[Result "1-0"]
[WhiteTitle "WGM"]
[WhiteElo "2377"]
[BlackElo "2133"]
[WhiteFideId "717444"]
[BlackFideId "728918"]
[EventDate "2012.12.04"]

1. e4 c5 2. Nf3 Nc6 3. d4 cxd4 4. Nxd4 Qb6 5. Nb3 Nf6 6. Nc3 e6 7. Be3 Qc7 8.
Bd3 a6 9. f4 d6 10. Qf3 b5 11. O-O Bb7 12. Rae1 Be7 13. Qh3 h6 14. f5 exf5 15.
Qxf5 Ne5 16. Bd4 O-O 17. h3 Bc8 18. Qf2 Be6 19. Nd5 Bxd5 20. exd5 Nxd3 21. cxd3
Rae8 22. Qg3 Kh8 23. Rf5 Bd8 24. Ref1 Re2 25. Bxf6 1-0

[Event "60th ch-HUN w 2012"]
[Site "Kisvarda HUN"]
[Date "2012.12.10"]
[Round "7"]
[White "Rudolf,An"]
[Black "Gara,T"]
[Result "1/2-1/2"]
[WhiteTitle "WGM"]
[BlackTitle "WGM"]
[WhiteElo "2322"]
[BlackElo "2377"]
[WhiteFideId "722855"]
[BlackFideId "717444"]
[EventDate "2012.12.04"]
[EventType "tourn"]

1. Nf3 c5 2. c4 Nc6 3. d4 cxd4 4. Nxd4 Nf6 5. Nc3 e6 6. g3 Qb6 7. e3 d5 8. cxd5
Nxd5 9. Nxd5 exd5 10. Bg2 Nxd4 11. Qxd4 Qxd4 12. exd4 Be6 13. O-O Kd7 14. Bf4
Bb4 15. Rfc1 Rac8 16. Kf1 Ba5 17. a3 Bb6 18. Be3 Rxc1+ 19. Rxc1 Rc8 20. Rxc8
Kxc8 21. Ke2 Kd7 22. Kd3 Bf5+ 23. Kc3 Kc6 24. b4 Be6 25. a4 Bc7 26. b5+ Kd7 27.
Kb4 Bd6+ 28. Kb3 Bc7 29. Bd2 b6 30. Bb4 Bd6 31. Bc3 Bc7 32. Bd2 f6 33. Bb4 Bd6
34. Bc3 Bc7 35. Bd2 g5 36. h3 Bd8 37. Bb4 Be7 38. Bd2 Bd8 39. Bb4 Be7 40. Bd2
Bd8 1/2-1/2

[Event "60th ch-HUN w 2012"]
[Site "Kisvarda HUN"]
[Date "2012.12.10"]
[Round "7"]
[White "Varga,Kl"]
[Black "Juhasz,Ba"]
[Result "1/2-1/2"]
[WhiteTitle "WIM"]
[WhiteElo "2210"]
[BlackElo "2085"]
[WhiteFideId "733210"]
[BlackFideId "743585"]
[EventDate "2012.12.04"]
[EventType "tourn"]

1. c4 e5 2. g3 Nc6 3. Bg2 g6 4. Nc3 Bg7 5. e3 Nge7 6. Nge2 d6 7. O-O O-O 8. Rb1
Bg4 9. h3 Be6 10. Nd5 Qd7 11. Kh2 Rab8 12. b4 a6 13. d3 f5 14. a3 b5 15. Bb2 Nd8
16. Rc1 c6 17. Nxe7+ Qxe7 18. cxb5 axb5 19. Bxc6 Nxc6 20. Rxc6 f4 21. Ng1 fxg3+
22. fxg3 Bd5 23. Rc3 e4 24. d4 Bc4 25. Ne2 Rxf1 26. Qxf1 Rf8 27. Qg2 Qf7 28. Rc2
d5 29. Nc3 Bh6 30. Nd1 Bf1 31. Qh1 Qe6 32. Kg1 Bxh3 33. Rf2 Rxf2 34. Kxf2 Qf5+
35. Ke1 Bf8 36. Nf2 Bg4 37. Qh4 Bf3 38. Qd8 Qe6 39. Qa8 Qd7 1/2-1/2

[Event "60th ch-HUN w 2012"]
[Site "Kisvarda HUN"]
[Date "2012.12.10"]
[Round "7"]
[White "Goczo,M"]
[Black "Erdos,B"]
[Result "1/2-1/2"]
[WhiteTitle "WIM"]
[WhiteElo "2234"]
[BlackElo "2185"]
[WhiteFideId "711985"]
[BlackFideId "727458"]
[EventDate "2012.12.04"]
[EventType "tourn"]

1. d4 Nf6 2. c4 g6 3. Nf3 Bg7 4. g3 c6 5. Bg2 d5 6. b3 dxc4 7. bxc4 c5 8. e3 O-O
9. O-O Nc6 10. Bb2 Qb6 11. Qe2 Ng4 12. Rd1 Rd8 13. h3 Nh6 14. Nc3 cxd4 15. Nd5
Qa5 16. exd4 Nf5 17. g4 e6 18. Bc3 Qa3 19. gxf5 exd5 20. cxd5 Ne7 21. fxg6 hxg6
22. Bb2 Qd6 23. Ne5 Nxd5 24. Nc4 Nf4 25. Qe4 Qc7 26. Rac1 Nxh3+ 27. Bxh3 Bxh3
28. Qf3 Qd7 29. Ne5 Qf5 30. Qxf5 Bxf5 31. d5 Bf8 32. Rc7 f6 33. Nc4 b5 34. Na5
Bd6 35. Rb7 Rdb8 36. Bxf6 Rxb7 37. Nxb7 Kf7 38. Nxd6+ Kxf6 39. Nxb5 a5 40. Nd4
Rd8 41. Nc6 Rd6 42. Rd4 Be6 43. dxe6 Rxc6 44. Rd5 Ra6 45. a4 Kxe6 46. Rb5 Kf6
47. Kg2 Kg7 48. Kg3 Kh6 49. f4 Kg7 50. Kg4 Kh6 51. Rc5 Ra8 52. Rc6 Rf8 53. Rc5
Ra8 54. Rb5 Kg7 1/2-1/2